00585nam a22001337a 4500008004100000020002200041082001800063245017200081260005600253300001300309942001200322999001500334952010200349230613b xxu||||| |||| 00| 0 eng d a978-9966-008-20-6 a658.404 bCHI aThe Complete Handbook of Sample Project Proposals:bOver 20 Sample and mode proposal proven to generate higher donations for any non-profit organisationscJohn Chikari aNairobi, KenyabREPARED Publishing Departmentc2010 axi, 280p 2ddccBK c1140d1140 00102ddc4070a001b001cGENd2023-06-12l0o658.404 CHIp20230025r2023-06-13w2023-06-13yBK